Lecciones de derecho laboral : (Registro nro. 19603)

Detalles MARC
000 -LEADER
fixed length control field 01211nam a2200289 4500
001 - CONTROL NUMBER
control field 0000013893
003 - CONTROL NUMBER IDENTIFIER
control field CO-CtgCURN
005 - DATE AND TIME OF LATEST TRANSACTION
control field 20250512232734.0
007 - PHYSICAL DESCRIPTION FIXED FIELD--GENERAL INFORMATION
fixed length control field ta
008 - FIXED-LENGTH DATA ELEMENTS--GENERAL INFORMATION
fixed length control field 160627s1986 000 0 eng d
020 ## - INTERNATIONAL STANDARD BOOK NUMBER
International Standard Book Number 9586041557
040 ## - CATALOGING SOURCE
Original cataloging agency CO-CtgCURN
Language of cataloging spa
Transcribing agency coctgcurn
082 0# - DEWEY DECIMAL CLASSIFICATION NUMBER
Classification number 344.01
Item number L32
245 00 - TITLE STATEMENT
Title Lecciones de derecho laboral :
Remainder of title relaciones individuales /
Statement of responsibility, etc. Guillermo Guerrero Figueroa ... [et al.].
260 ## - PUBLICATION, DISTRIBUTION, ETC.
Place of publication, distribution, etc. Bogotá :
Name of publisher, distributor, etc. Temis,
Date of publication, distribution, etc. 1986.
300 ## - PHYSICAL DESCRIPTION
Extent 229 p.
336 ## - CONTENT TYPE
Source rdacontent
337 ## - MEDIA TYPE
Source rdamedia
Media type term sin mediacion
Media type code n
338 ## - CARRIER TYPE
Source rdacarrier
Carrier type term volumen
Carrier type code nc
505 8# - FORMATTED CONTENTS NOTE
Formatted contents note Contrato de trabajo y relacion de trabajo.--El contrato de trabajo.--Elementos comunes en el contrato de trabajo.--Sustitucion patronal.--Legislacion colombiana.--Las partes en el contrato de trabajo.--Efectos del contrato de trabajo en cuanto al tiempo.--De la suspension del contrato de trabajo.--Obligaciones de las partes en el contrato de trabajo
650 14 - SUBJECT ADDED ENTRY--TOPICAL TERM
Topical term or geographic name entry element Derecho laboral individual.
700 1# - ADDED ENTRY--PERSONAL NAME
Personal name Camacho, Eduardo.
700 1# - ADDED ENTRY--PERSONAL NAME
Personal name Baena, Guillermo.
908 ## - PUT COMMAND PARAMETER (RLIN)
Put command parameter 160627
942 ## - ADDED ENTRY ELEMENTS (KOHA)
Koha item type Libros
Classification part 344.01
Item part L32
Source of classification or shelving scheme Dewey Decimal Classification
Suppress in OPAC No
Existencias
Withdrawn status Lost status Source of classification or shelving scheme Damaged status Not for loan Collection Home library Current library Shelving location Date acquired Inventory number Total checkouts Full call number Barcode Date last seen Copy number Price effective from Koha item type Public note
    Dewey Decimal Classification     General Miguel Henríquez Castañeda Miguel Henríquez Castañeda General 03/31/2025 004563   344.01 L32 004563 03/31/2025 ej.1 03/31/2025 Libros 340-DEREC